000 00336nam a22001457a 4500
003 OSt
005 20160727222359.0
008 160623b xxu||||| |||| 00| 0 eng d
040 _cTEST
100 _9649
_aThomsen, P
245 _aMoutain of Fire
260 _aTEN
_b Wolgemuth S. Hyat
_c1984
300 _aMoutain of Fire
942 _2ddc
_cBK
999 _c530
_d530